000 00690nam a2200193 i 4500
001 171421
003 ES-MaACL
005 20250807235854.0
008 090514s1971 sp |||| | spa d
017 _aM 30124-1970
100 1 _aCaba, José.
_933051
245 1 0 _aDe los Evangelios al Jesús histórico
_b: introducción a la Cristología /
_cpor José Caba.
260 _aMadrid :
_b[La Editorial Católica],
_c1971.
300 _aXXXI, 433 p. ;
_c20 cm.
490 1 _aBiblioteca de autores cristianos ;
_v316.
_aHistoria Salutis
830 0 0 _aBiblioteca de autores cristianos.
_pHistoria salutis
_v316.
_9178685
852 _aES-MaACL
_jJ-309
_9R.46092
999 _c171421
_d171421